00385cam a2200157ua 45000010005000000080039000050400009000440410012000530820016000651000015000812450025000962600046001213000016001676530026001837000018002097046120713n1993 II |||gr||||Z||||||eng aMAIN aEnglish a530.412 LAL aLAL, BRIJ. aPROPERTIES OF MATTER aNEW DELHIbEURASIA PUBLISHING HOUSEc1993 a472:c22CM. aProperties of Matters aSUBRAHMANYAM.